[Event "Sant Adria de Besos op 17th"]
[Site "Sant Adria de Besos"]
[Date "2023.05.21"]
[Round "5"]
[White "Grao Amaya, Rafael"]
[Black "Brugarolas Manzaneque, Carlos"]
[Result "0-1"]
[WhiteElo "1958"]
[BlackElo "2101"]
[PlyCount "132"]
[EventDate "2023.04.02"]
[EventType "swiss"]
[EventRounds "9"]
[EventCountry "ESP"]
[SourceTitle "EXT 2024"]
[Source "ChessBase"]
[SourceDate "2023.10.10"]
[SourceVersion "1"]
[SourceVersionDate "2023.10.10"]
[SourceQuality "1"]

1. d4 d5 2. Bf4 c5 3. c3 Nc6 4. e3 Bf5 5. Na3 a6 6. Bd3 Bg6 7. Nf3 Nf6 8. Bxg6 hxg6 9. h3 e6 10. Ne5 Nxe5 11. Bxe5 Bd6 12. Bxd6 Qxd6 13. Qa4+ Kf8 14. Nc2 Ne4 15. Ke2 Ke7 16. dxc5 Nxc5 17. Qd4 e5 18. Qd1 Rad8 19. f3 e4 20. f4 Nd3 21. Rb1 Qc6 22. Ne1 Nc5 23. Kf2 Qf6 24. Qd4 Ne6 25. Qxf6+ gxf6 26. Rd1 Nc5 27. Rd2 Rd6 28. Ke2 f5 29. Nc2 Ne6 30. Nb4 Rhd8 31. Rhd1 Nc7 32. Nc2 b5 33. Nd4 Ne6 34. Nb3 R8d7 35. a3 Kf6 36. Kf2 Rd8 37. h4 R8d7 38. g3 Ke7 39. Rh1 Rd8 40. Rdd1 Rh8 41. Rdg1 Rb6 42. g4 fxg4 43. Rxg4 Rh5 44. Rg2 Rb8 45. Kg3 Rbh8 46. Rgh2 Kd6 47. Rd1 f6 48. Rdd2 g5 49. fxg5 fxg5 50. Rdg2 Rxh4 51. Rxh4 gxh4+ 52. Kg4 h3 53. Rh2 Ke5 54. Nd4 Rg8+ 55. Kh5 Nxd4 56. cxd4+ Kf5 57. Kh4 Rh8+ 58. Kg3 a5 59. Rf2+ Kg5 60. Rh2 Rf8 61. Rxh3 Rf1 62. Kg2 Rb1 63. Rh7 Rxb2+ 64. Kf1 Kg4 65. Rd7 Kf3 66. Ke1 Kxe3 0-1

[Event "Barcelona Sant Marti op-B 20th"]
[Site "Barcelona"]
[Date "2018.07.18"]
[Round "6"]
[White "Ankit, Dalal"]
[Black "Grao Amaya, Rafael"]
[Result "0-1"]
[WhiteElo "1591"]
[BlackElo "1767"]
[PlyCount "126"]
[EventDate "2018.07.13"]
[EventType "swiss"]
[EventRounds "9"]
[EventCountry "ESP"]
[SourceTitle "EXT 2019"]
[Source "ChessBase"]
[SourceDate "2018.10.10"]
[SourceVersion "1"]
[SourceVersionDate "2018.10.10"]
[SourceQuality "1"]

1. e4 g6 2. d4 Bg7 3. Nc3 d6 4. Be3 a6 5. Qd2 b5 6. a3 Bb7 7. Be2 e6 8. f4 Ne7 9. Bf3 Nd7 10. b4 Nb6 11. e5 Bxf3 12. Nxf3 Nc4 13. Qf2 Nf5 14. Bc1 c6 15. 0-0 a5 16. bxa5 Rxa5 17. Nd2 d5 18. Nxc4 bxc4 19. g4 Ne7 20. Bd2 Ra8 21. Ne2 h5 22. g5 0-0 23. Bb4 Re8 24. Rfb1 Bf8 25. Rb2 Nf5 26. Ng3 Bxb4 27. Rxb4 Ng7 28. h4 Ra5 29. a4 Qa8 30. c3 Qa7 31. Qb2 Rc8 32. Rb7 Qa8 33. Qb4 c5 34. dxc5 Raxc5 35. a5 R5c7 36. a6 Rxb7 37. Qxb7 Rb8 38. Qxa8 Rxa8 39. Kf2 Kf8 40. Ke3 Ke7 41. Kd4 Kd7 42. Kc5 Kc7 43. a7 Ne8 44. Ne2 Kb7 45. Nd4 Rc8+ 46. Kb4 Nc7 47. Nb5 Nxb5 48. Kxb5 Ra8 49. Ra6 Rxa7 50. Rxa7+ Kxa7 51. Kc5 Ka6 52. Kd6 d4 53. cxd4 c3 54. Ke7 c2 55. Kxf7 c1Q 56. Kxe6 Qc8+ 57. Kf7 Qf5+ 58. Ke7 Qxf4 59. e6 Kb6 60. Ke8 Kc6 61. e7 Qf5 62. d5+ Kd6 63. Kd8 Qd7# 0-1

[Event "Barcelona Sant Marti op-B 20th"]
[Site "Barcelona"]
[Date "2018.07.14"]
[Round "2"]
[White "Grao Amaya, Rafael"]
[Black "Castillo Rosa, Jose Luis"]
[Result "1-0"]
[WhiteElo "1767"]
[BlackElo "1402"]
[PlyCount "85"]
[EventDate "2018.07.13"]
[EventType "swiss"]
[EventRounds "9"]
[EventCountry "ESP"]
[SourceTitle "EXT 2019"]
[Source "ChessBase"]
[SourceDate "2018.10.10"]
[SourceVersion "1"]
[SourceVersionDate "2018.10.10"]
[SourceQuality "1"]

1. d4 Nf6 2. Bf4 g6 3. e3 Bg7 4. Be2 c5 5. c3 d5 6. Nd2 Bf5 7. dxc5 Nbd7 8. Nb3 e5 9. Bg5 0-0 10. g4 Be6 11. h3 h6 12. Bh4 g5 13. Bg3 Ne4 14. Bh2 Ndxc5 15. Nxc5 Nxc5 16. Nf3 f6 17. 0-0 a6 18. Nd2 Rc8 19. Nb3 Qb6 20. Nxc5 Rxc5 21. Qd2 Rfc8 22. Rfd1 Bf7 23. Bd3 d4 24. exd4 exd4 25. cxd4 Rd5 26. Be4 Rdd8 27. d5 Rc5 28. d6 Be6 29. a3 Bd7 30. b4 Rc4 31. Bd5+ Kh8 32. Bxc4 f5 33. gxf5 Bxf5 34. Qd5 Bxa1 35. Be5+ Bxe5 36. Qxe5+ Kh7 37. Qxf5+ Kg7 38. Qe5+ Kh7 39. Bd3+ Kg8 40. Qe6+ Kh8 41. Qf6+ Kg8 42. Qg6+ Kh8 43. Qh7# 1-0

[Event "Badalona op-B 43rd"]
[Site "Badalona"]
[Date "2017.08.04"]
[Round "3"]
[White "Corbacho Chaves, Oscar"]
[Black "Grao Amaya, Rafael"]
[Result "1-0"]
[WhiteElo "1849"]
[BlackElo "1780"]
[PlyCount "133"]
[EventDate "2017.08.02"]
[EventType "swiss"]
[EventRounds "9"]
[EventCountry "ESP"]
[SourceTitle "EXT 2019"]
[Source "ChessBase"]
[SourceDate "2018.10.10"]
[SourceVersion "1"]
[SourceVersionDate "2018.10.10"]
[SourceQuality "1"]

1. e4 e5 2. Nf3 Nc6 3. d4 exd4 4. Bc4 Be7 5. c3 Na5 6. Qxd4 Nxc4 7. Qxc4 d6 8. 0-0 a6 9. Re1 Be6 10. Qd4 Bf6 11. Qb4 Qc8 12. e5 dxe5 13. Nxe5 c5 14. Qe4 Ne7 15. Nd2 0-0 16. Ndf3 Bf5 17. Qf4 Re8 18. Nc4 Qb8 19. Nd6 Kf8 20. Nxe8 Qxf4 21. Bxf4 Kxe8 22. Bd6 Rc8 23. Rad1 Be6 24. a3 b5 25. Be5 Nc6 26. Bxf6 gxf6 27. Nd2 f5 28. Nb3 Ne7 29. Na5 Nc6 30. Nxc6 Rxc6 31. f4 Kf8 32. Rd8+ Kg7 33. Red1 a5 34. R1d6 Rc7 35. Ra8 a4 36. Rb8 Bc4 37. Rdd8 Re7 38. Re8 Rd7 39. Rbd8 Rc7 40. Kf2 Rb7 41. Kg3 Bb3 42. Kh4 Rb6 43. Rd2 Rh6+ 44. Kg5 f6+ 45. Kxf5 Rh5+ 46. Kg4 Rxh2 47. Re7+ Kg6 48. f5+ Kh6 49. Kg3 Rh5 50. Rdd7 Rg5+ 51. Kh2 Bg8 52. Rd8 Bc4 53. Rdd7 Rxf5 54. Rxh7+ Kg5 55. Rdg7+ Kf4 56. Rg3 Ke5 57. Rf3 Rg5 58. Re7+ Kd6 59. Rh7 Rg6 60. Ra7 Ke6 61. Rf2 Rh6+ 62. Kg1 f5 63. Rd2 Rg6 64. Rc7 Ke5 65. Rxc5+ Kf6 66. Rd4 Rg8 67. Kh2 1-0

[Event "Sant Adria de Besos op 13th"]
[Site "Sant Adria de Besos"]
[Date "2017.06.04"]
[Round "7"]
[White "Vargas Drechsler, Carlos"]
[Black "Grao Amaya, Rafael"]
[Result "1-0"]
[WhiteElo "2103"]
[BlackElo "2006"]
[PlyCount "28"]
[EventDate "2017.04.23"]
[EventType "swiss"]
[EventRounds "9"]
[EventCountry "ESP"]
[SourceTitle "EXT 2018"]
[Source "ChessBase"]
[SourceDate "2017.10.13"]
[SourceVersion "1"]
[SourceVersionDate "2017.10.13"]
[SourceQuality "1"]

1. e4 e5 2. Nf3 Nc6 3. Bc4 d6 4. c3 h6 5. h3 Nf6 6. d3 Be7 7. Be3 0-0 8. Bb3 d5 9. Bc2 dxe4 10. dxe4 Qxd1+ 11. Kxd1 Be6 12. Nbd2 Rfd8 13. Kc1 Bc8 14. Nc4 Bd6 1-0

[Event "Sant Adria de Besos op 13th"]
[Site "Sant Adria de Besos"]
[Date "2017.04.30"]
[Round "2"]
[White "Alcala Valiente, Juan Carlos"]
[Black "Grao Amaya, Rafael"]
[Result "1-0"]
[WhiteElo "2143"]
[BlackElo "2006"]
[PlyCount "44"]
[EventDate "2017.04.23"]
[EventType "swiss"]
[EventRounds "9"]
[EventCountry "ESP"]
[SourceTitle "EXT 2018"]
[Source "ChessBase"]
[SourceDate "2017.10.13"]
[SourceVersion "1"]
[SourceVersionDate "2017.10.13"]
[SourceQuality "1"]

1. d4 d5 2. c4 e6 3. Nc3 Nf6 4. cxd5 exd5 5. Bg5 Be7 6. Qc2 c6 7. e3 Ne4 8. Bxe7 Qxe7 9. Nxd5 cxd5 10. Qxc8+ Qd8 11. Bb5+ Nc6 12. Bxc6+ bxc6 13. Qxc6+ Ke7 14. Qb7+ Ke6 15. Ne2 g5 16. 0-0 Re8 17. f4 Nd6 18. f5+ Nxf5 19. Rxf5 Kxf5 20. Qxf7+ Ke4 21. Qf3+ Kd3 22. e4+ Kd2 1-0

[Event "Sant Adria de Besos op 11th"]
[Site "Sant Adria de Besos"]
[Date "2015.06.07"]
[Round "7.7"]
[White "Rueda Marquez, David Juan"]
[Black "Grao Amaya, Rafael"]
[Result "1-0"]
[WhiteElo "2188"]
[BlackElo "1964"]
[PlyCount "83"]
[EventDate "2015.04.12"]
[EventType "swiss"]
[EventRounds "9"]
[EventCountry "ESP"]
[SourceTitle "EXT 2024"]
[Source "ChessBase"]
[SourceDate "2023.10.10"]
[SourceVersion "1"]
[SourceVersionDate "2023.10.10"]
[SourceQuality "1"]

1. e4 e5 2. Nf3 Nc6 3. Bb5 a6 4. Ba4 Nf6 5. 0-0 b5 6. Bb3 Be7 7. Re1 d6 8. c3 0-0 9. d3 h6 10. Nbd2 Bg4 11. h3 Bxf3 12. Qxf3 Nb8 13. a4 Nbd7 14. Nf1 Nc5 15. Bc2 Nh7 16. d4 Nd7 17. Ng3 Bg5 18. axb5 Bxc1 19. Rexc1 axb5 20. Rxa8 Qxa8 21. Nf5 Kh8 22. Nxg7 Kxg7 23. Qg4+ Kh8 24. Qxd7 Qb8 25. dxe5 dxe5 26. Rd1 f6 27. Rd5 Qa7 28. Rxb5 Qa1+ 29. Qd1 Qxd1+ 30. Bxd1 Rd8 31. Bg4 Re8 32. h4 Kg7 33. Rb7 Re7 34. b4 Nf8 35. Bf5 h5 36. b5 Kf7 37. c4 Ne6 38. Bxe6+ Kxe6 39. c5 Rd7 40. Kf1 Rd1+ 41. Ke2 Rc1 42. Rxc7 1-0

[Event "Sant Adria de Besos op 11th"]
[Site "Sant Adria de Besos"]
[Date "2015.05.17"]
[Round "4.6"]
[White "Ceballos Moreno, David"]
[Black "Grao Amaya, Rafael"]
[Result "1/2-1/2"]
[WhiteElo "2118"]
[BlackElo "1964"]
[PlyCount "57"]
[EventDate "2015.04.12"]
[EventType "swiss"]
[EventRounds "9"]
[EventCountry "ESP"]
[SourceTitle "EXT 2024"]
[Source "ChessBase"]
[SourceDate "2023.10.10"]
[SourceVersion "1"]
[SourceVersionDate "2023.10.10"]
[SourceQuality "1"]

1. e4 e5 2. Nf3 Nc6 3. Bb5 a6 4. Ba4 Be7 5. 0-0 b5 6. Bb3 d6 7. d4 Nf6 8. Re1 0-0 9. h3 exd4 10. Nxd4 Na5 11. Bd5 Nxd5 12. exd5 Bf6 13. Nc3 Re8 14. Be3 Bd7 15. Qf3 Bxd4 16. Bxd4 Rxe1+ 17. Rxe1 Qf8 18. Ne4 f5 19. Ng5 Re8 20. Rxe8 Qxe8 21. Bc3 Nc4 22. Qg3 Qg6 23. Qh4 h6 24. Nf3 Qe8 25. Nd4 Nb6 26. Ne6 Bxe6 27. dxe6 Nd5 28. Qd4 Nxc3 29. Qxc3 1/2-1/2

[Event "Sant Adria de Besos op 11th"]
[Site "Sant Adria de Besos"]
[Date "2015.05.10"]
[Round "3.4"]
[White "Rodriguez Regull, German"]
[Black "Grao Amaya, Rafael"]
[Result "1-0"]
[WhiteElo "2151"]
[BlackElo "1964"]
[PlyCount "105"]
[EventDate "2015.04.12"]
[EventType "swiss"]
[EventRounds "9"]
[EventCountry "ESP"]
[SourceTitle "EXT 2024"]
[Source "ChessBase"]
[SourceDate "2023.10.10"]
[SourceVersion "1"]
[SourceVersionDate "2023.10.10"]
[SourceQuality "1"]

1. e4 e5 2. Nf3 Nc6 3. Bb5 a6 4. Ba4 Nf6 5. 0-0 b5 6. Bb3 Be7 7. Re1 d6 8. c3 Bg4 9. d3 0-0 10. Nbd2 h6 11. Nf1 Na5 12. Bc2 Nh7 13. Ne3 Bxf3 14. Qxf3 Bg5 15. Nf5 Bxc1 16. Raxc1 Nc6 17. d4 Qf6 18. Rcd1 Rad8 19. Re3 Ne7 20. Qe2 Ng6 21. Rg3 Kh8 22. h4 Rg8 23. h5 Nf4 24. Qg4 Qg5 25. Bb3 Rgf8 26. Qf3 Qxh5 27. Rxg7 Qxf3 28. gxf3 Ng5 29. dxe5 dxe5 30. Rxd8 Rxd8 31. Bxf7 Rd1+ 32. Kh2 Nxf3+ 33. Kg3 Rg1+ 34. Kxf3 Rxg7 35. Nxg7 Kxg7 36. Be8 Kf8 37. Bc6 Ke7 38. b4 Kd6 39. Bb7 c6 40. Bxa6 Kc7 41. c4 Kb6 42. cxb5 cxb5 43. Bc8 Nd3 44. a3 Ne1+ 45. Kg4 Nc2 46. Kf5 Nxa3 47. Kxe5 Nc2 48. Kd6 Nxb4 49. e5 Nc6 50. e6 b4 51. Bd7 Nd4 52. e7 Nf5+ 53. Bxf5 1-0

[Event "Sant Adria 7th"]
[Site "Sant Adria de Besos"]
[Date "2011.05.08"]
[Round "2.8"]
[White "Grao Amaya, Rafael"]
[Black "Echarri Torres, Miguel"]
[Result "1-0"]
[WhiteElo "1783"]
[BlackElo "2106"]
[PlyCount "103"]
[EventDate "2011.05.01"]
[EventType "swiss"]
[EventRounds "8"]
[EventCountry "ESP"]
[SourceTitle "EXT 2024"]
[Source "ChessBase"]
[SourceDate "2023.10.10"]
[SourceVersion "1"]
[SourceVersionDate "2023.10.10"]
[SourceQuality "1"]

1. d4 d5 2. Bf4 Nf6 3. e3 c5 4. c3 Nc6 5. Bd3 Qb6 6. Qb3 c4 7. Qxb6 axb6 8. Bc2 b5 9. h3 b4 10. b3 b5 11. Nf3 bxc3 12. Nxc3 Nb4 13. Bd1 Nd3+ 14. Kf1 Ba6 15. Be2 b4 16. Na4 Nxf4 17. exf4 e6 18. Ne5 Ne4 19. g3 cxb3 20. Bxa6 Rxa6 21. axb3 Nd2+ 22. Kg2 Nxb3 23. Rab1 Nxd4 24. Rhc1 Ra8 25. Nb6 Rd8 26. Rc7 Be7 27. Nc8 Nf5 28. Nc6 Rd7 29. Rxd7 Kxd7 30. N8xe7 Nxe7 31. Ne5+ Kc7 32. Rxb4 f6 33. Nf3 Nc6 34. Rb1 Ra8 35. Rc1 Ra4 36. Nd2 Kd6 37. Rb1 Rb4 38. Ra1 Rb2 39. Nf1 d4 40. Rd1 Kc5 41. Nd2 Nb4 42. Ne4+ Kc4 43. Nd6+ Kd5 44. Ne8 d3 45. Nxg7 d2 46. Kf3 Kd4 47. Ke2 Kc3 48. Nxe6 Na2 49. Nc5 Nc1+ 50. Ke3 Kc4 51. Ne4 f5 52. Nxd2+ 1-0